English to Italian Click Quiz: Animals - Statistics

General Stats
  • This quiz has been taken 238 times
  • The average score is 30 of 50
Answer Stats
Hint Answer % Correct
penguin pinguino
88%
lion leone
86%
tiger tigre
86%
fish pesce
83%
snake serpente
83%
cat gatto
82%
horse cavallo
81%
wolf lupo
79%
chimpanzee scimpanzé
79%
dog cane
78%
bear orso
77%
chicken pollo
77%
turtle tartaruga
77%
whale balena
69%
parrot pappagallo
69%
fox volpe
68%
bee ape
66%
ant formica
63%
octopus polpo
63%
goat capra
62%
swan cigno
62%
mouse topo
62%
butterfly farfalla
61%
cheetah ghepardo
61%
frog rana
60%
rabbit coniglio
59%
monkey scimmia
59%
eagle aquila
58%
fly mosca
58%
cow mucca
58%
deer cervo
57%
shark squalo
57%
rooster gallo
56%
lamb agnello
54%
pig maiale
54%
squirrel scoiattolo
52%
dragonfly libellula
51%
peacock pavone
51%
turkey tacchino
51%
bird uccello
51%
mosquito zanzara
48%
owl gufo
47%
spider ragno
46%
duck anatra
44%
crab granchio
44%
raccoon procione
36%
seagull gabbiano
35%
hamster criceto
31%
hedgehog riccio
28%
guinea pig cavia
27%
No matching quizzes found
Score Distribution
Percent of People with Each Score
Percentile by Number Answered
Your Score History
You have not taken this quiz